Municipal research bureaus: a study of the Nation’s leading citizen-supported agencies (Record no. 504332)

000 -LEADER
fixed length control field 00407nam a22001097a 4500
082 ## - DEWEY DECIMAL CLASSIFICATION NUMBER
Classification number B73084x73 G41
100 ## - MAIN ENTRY--PERSONAL NAME
Personal name Gill, Norman N.
9 (RLIN) 305
245 ## - TITLE STATEMENT
Title Municipal research bureaus: a study of the Nation’s leading citizen-supported agencies
Remainder of title by Norman N. Gill
260 ## - PUBLICATION, DISTRIBUTION, ETC. (IMPRINT)
Place of publication, distribution, etc Washington
Name of publisher, distributor, etc American Council on Public Affairs
Date of publication, distribution, etc 1944
300 ## - PHYSICAL DESCRIPTION
Extent 178p
650 ## - SUBJECT ADDED ENTRY--TOPICAL TERM
Topical term or geographic name as entry element Municipal government --Societies, etc;Research.
9 (RLIN) 306
Holdings
Withdrawn status Lost status Source of classification or shelving scheme Damaged status Koha normalized classification for sorting Not for loan Permanent location Current location Date acquired Full call number Barcode Date last seen Price effective from Koha item type
        B_73084X73_G41   Indian Institute of Public Administration Indian Institute of Public Administration 2018-08-16 B73084x73 G41 GR1311 2018-08-16 2018-08-16 GR

Powered by Koha